1748 1852 1001 1139 1115 1719 1128 1803 1938 1118 1349 1279 1441 1107 1643 1254 1745 1036 1125 1667 1115 1914 1917 1545 1217 1862 1761 1944 1186 1534 1925 1220 1895 1417 1433 1261 1470 1792 1892 1242 2000 1677 1244 1963 1671 1259 1284 1266 1736 1199 1767 1717 1636 1624 1845 1638 1969 1606 1935 1642 1063 1201 1380 1527 1150 1284 1187 1153 1509 1351 1642 1199 1302 1823 1372 1842 1366 1785 1510 1862 1038 1576 1146 1048 1505 1009 1387 1757 1012 1926 1043 1821 1810 1155 1917 1980 1162 1180 1285 BCNSPRNW ULIB Ver.6.0+V

เปลี่ยนเป็นภาษาไทย

Change to English
 แสดงรายละเอียดบรรณานุกรม
  กลับหน้าหลัก

Brief Record : Get Marc (ISO 2709) : E-mail record : QR code < ปิดหน้าต่าง
LEADER : 00000nam 2200000uu 4500
001    13399128903
003     ULIB
008    241028s||||||||th 000 0 tha d
020 ^- ^a 9781119649236:
060 ^- ^a QV4^bF979
245 10 ^aFundamentals of pharmacology for midwives/^cPeate, Ian, Hamilton, Cathy. [Editor]
250 ^- ^a1st ed.
260 ^- ^aNJ, USA :^bWiley Blackwell,^c2022
300 ^- ^a423
650 ^- ^aMidwives Pharmacology
945    ^p1763^l0^i011150
999    ^aประนอม เกษจรัล
รายการนี้ยังไม่มีแท็ก
คุณยังไม่ได้ล็อกอิน คุณสามารถมีกิจกรรมร่วมกับเว็บไซต์ได้ แต่ต้องล็อกอินก่อน ::
  ล็อกอิน

รายการสื่อสารสนเทศ

ลำดับที่ ประเภท เลขเรียก/บาร์โค้ด สถานที่ สถานะ
1. วิทยาศาสตร์การแพทย์ และสุขภาพ
หนังสือสำรอง
สถานะ=หนังสือสำรอง
QV4 F979 ฉ.1 
  Barcode: 011150
ห้องสมุดวิทยาเขตสวรรค์ประชารักษ์
►หนังสือทั่วไป
บนชั้น

BibComment


ยังไม่เคยถูกคอมเมนท์

คอมเมนท์ทรัพยากรรายการนี้
  คอมเมนท์: Fundamentals of ..


 Copyright 2026. Bcnsprnw @Library